| 000 | 00650nam a22001697a 4500 | ||
|---|---|---|---|
| 020 | _qHARD COVER | ||
| 082 | _a629.04 | ||
| 100 | _aMahmood , Yasir | ||
| 245 |
_aINTEGRATING PAVEMENT FUNCTIONAL AND STRUCTURAL EVALUATIN OF HIGHWAYS INTO AN OVERALL PAVEMENT MANGMENT SYSTEM / _cYasir Mehmood. |
||
| 260 |
_aIslamabad : _bMCE - NUST, _c2017. |
||
| 300 |
_axviii, 128 p. : ill. ; _c30cm. |
||
| 650 |
_aMS-Construction Engineering and Management _9126573 |
||
| 700 |
_aSupervisor. Muhammad Irfan. _9126592 |
||
| 856 | _uhttp://10.250.8.41:8080/xmlui/handle/123456789/11812 | ||
| 942 |
_2ddc _cSC |
||
| 999 |
_c540583 _d540583 |
||